000 00520aam a2200193 4500
005 20170208084637.0
008 150512b xxu||||| |||| 00| 0 spa d
041 _aspa
082 _a150.193.2 C352d
100 _aCastillo Pereira, William César
_938209
245 _aDinámica de grupos populares
260 _aArgentina
_bLumen
_c1999
300 _a159 páginas
650 _aDINÁMICA DE GRUPOS
_96400
650 _aLIDERAZGO
_922
650 _aCOMUNIDAD
_98064
650 _aGRUPOS POPULARES
_938210
942 _cBK
999 _c5385
_d5385